00386 a2200109 4500001001000000005001700010008004100027245010100068100001700169773007300186999001700259ART_1763320260410161924.0260409a 10aAn analysis of a macroeconometric model with rational expectations in the bond and stock markets1 aFair, Ray C.0 tThe American Economic Reviewg- Vol. 69, NÂș 4 (sep. 1979)wREV16190 c27945d27945